Building research establishment current paper : smoke tests in the pressurized stairs and lobbies of a 26-storey office building (Record no. 81263)

MARC details
000 -LEADER
fixed length control field 01067nam a22002897a 4500
003 - CONTROL NUMBER IDENTIFIER
control field CBULib
005 - DATE AND TIME OF LATEST TRANSACTION
control field 20240813074152.0
008 - FIXED-LENGTH DATA ELEMENTS--GENERAL INFORMATION
fixed length control field 230817b |||||||| |||| 00| 0 eng d
040 ## - CATALOGING SOURCE
Original cataloging agency cbulIB
Language of cataloging English
Transcribing agency CBULib
Description conventions rda
041 ## - LANGUAGE CODE
Language code of text/sound track or separate title eng
050 ## - LIBRARY OF CONGRESS CALL NUMBER
Classification number BRE(05)CP/4/74
100 1# - MAIN ENTRY--PERSONAL NAME
9 (RLIN) 597
Personal name Butcher, E. G.
110 ## - MAIN ENTRY--CORPORATE NAME
Corporate name or jurisdiction name as entry element Building Research Establishment (BRE)
9 (RLIN) 590
245 ## - TITLE STATEMENT
Title Building research establishment current paper : smoke tests in the pressurized stairs and lobbies of a 26-storey office building
Statement of responsibility, etc / by Building Research Establishment(BRE)
260 ## - PUBLICATION, DISTRIBUTION, ETC. (IMPRINT)
Place of publication, distribution, etc Borehamwood :
Name of publisher, distributor, etc Building Research Establishment
Date of publication, distribution, etc [1971]
300 ## - PHYSICAL DESCRIPTION
Extent [5 pages]
336 ## - CONTENT TYPE
Source rdacontent
Content type term Text |
Content type code txt
337 ## - MEDIA TYPE
Source rdamedia
Media type term Unmediated |
Media type code n
338 ## - CARRIER TYPE
Source rdacarrier
Carrier type term Volume
Carrier type code nc
500 ## - GENERAL NOTE
General note Reprinted from: Building Services Engineer, vol 39, December 1971, pp206-210
504 ## - BIBLIOGRAPHY, ETC. NOTE
Bibliography, etc Includes reference<br/>
650 #0 - SUBJECT ADDED ENTRY--TOPICAL TERM
9 (RLIN) 598
Topical term or geographic name as entry element OFFICE BUILDINGS--FIRES AND FIRE PREVENTION
650 #0 - SUBJECT ADDED ENTRY--TOPICAL TERM
9 (RLIN) 599
Topical term or geographic name as entry element SMOKE
700 ## - ADDED ENTRY--PERSONAL NAME
9 (RLIN) 600
Personal name Cottle, T.H.
700 ## - ADDED ENTRY--PERSONAL NAME
9 (RLIN) 601
Personal name Bailey, T.A.
942 ## - ADDED ENTRY ELEMENTS (KOHA)
Source of classification or shelving scheme
Koha item type INTERNATIONAL PUBLICATIONS
Holdings
Withdrawn status Lost status Source of classification or shelving scheme Damaged status Not for loan Collection code Permanent Location Current Location Shelving location Date acquired Source of acquisition Full call number Barcode Date last seen Copy number Price effective from Koha item type
          Special Collections CBU-MAIN LIBRARY, KITWE. CBU-MAIN LIBRARY, KITWE. Special Collections 08/17/2023 DEP-BRE BRE(05)CP/4/74 B81263 08/17/2023 1 08/17/2023 INTERNATIONAL PUBLICATIONS